[Event "Brno Trade op"]
[Site "Brno"]
[Date "2021.08.31"]
[Round "4"]
[White "Jires, Jiri"]
[Black "Vojtek, Pavel"]
[Result "1/2-1/2"]
[WhiteElo "2144"]
[BlackElo "1609"]
[PlyCount "60"]
[EventDate "2021.08.29"]
[EventType "swiss"]
[EventRounds "9"]
[EventCountry "CZE"]
[SourceTitle "CBM 204 Extra"]
[Source "ChessBase"]
[SourceDate "2021.11.30"]
[SourceVersion "1"]
[SourceVersionDate "2021.11.30"]
[SourceQuality "1"]

1. e4 e6 2. d4 d5 3. exd5 exd5 4. c4 Nf6 5. Nc3 c6 6. Bd3 Be7 7. Nge2 0-0 8. 0-0 dxc4 9. Bxc4 Nbd7 10. Ng3 Nb6 11. Bd3 Nbd5 12. Re1 Be6 13. Nf5 Nb4 14. Bb1 Bxf5 15. Bxf5 g6 16. Bb1 Re8 17. a3 Nbd5 18. Ba2 Bf8 19. Bg5 Qd6 20. Qf3 Bg7 21. Bh4 Qf4 22. Qxf4 Nxf4 23. Bxf6 Bxf6 24. Ne4 Bxd4 25. Nd6 Rxe1+ 26. Rxe1 Nd5 27. b4 Kf8 28. b5 Rb8 29. g3 Bc5 30. Nxb7 Rxb7 1/2-1/2

[Event "Ostrava Konik op-A"]
[Site "Ostrava"]
[Date "2021.08.14"]
[Round "8"]
[White "Jires, Jiri"]
[Black "Havelka, Ondrej"]
[Result "1-0"]
[WhiteElo "2144"]
[BlackElo "2160"]
[PlyCount "69"]
[EventDate "2021.08.07"]
[EventType "swiss"]
[EventRounds "9"]
[EventCountry "CZE"]
[SourceTitle "EXT 2022"]
[Source "ChessBase"]
[SourceDate "2021.10.06"]
[SourceVersion "1"]
[SourceVersionDate "2021.10.06"]
[SourceQuality "1"]

1. e4 e6 2. d3 d5 3. Nd2 c5 4. Ngf3 Nc6 5. g3 g6 6. Bg2 Bg7 7. 0-0 Nge7 8. Re1 0-0 9. c3 Qc7 10. Nf1 b5 11. exd5 Nxd5 12. Ne3 b4 13. Nxd5 exd5 14. d4 Bg4 15. Be3 Rfe8 16. Qd2 bxc3 17. bxc3 Qa5 18. Rac1 c4 19. Bf4 Bf5 20. Nh4 Bd3 21. Bh3 Re7 22. Rxe7 Nxe7 23. Re1 Qa3 24. Qc1 Qxc1 25. Bxc1 Rb8 26. Rxe7 Rb1 27. Re1 Bh6 28. f4 Ra1 29. Bg2 Rxa2 30. Bxd5 a5 31. Nf3 a4 32. Ne5 a3 33. Nxd3 Ra1 34. Bxc4 Bf8 35. Bd2 1-0

[Event "Ceske Budejovice op"]
[Site "Ceske Budejovice"]
[Date "2021.07.09"]
[Round "9"]
[White "Groh, Jiri"]
[Black "Jires, Jiri"]
[Result "0-1"]
[WhiteElo "2004"]
[BlackElo "2139"]
[PlyCount "62"]
[EventDate "2021.07.01"]
[EventType "swiss"]
[EventRounds "9"]
[EventCountry "CZE"]
[SourceTitle "CBM 203 Extra"]
[Source "ChessBase"]
[SourceDate "2021.09.30"]
[SourceVersion "1"]
[SourceVersionDate "2021.09.30"]
[SourceQuality "1"]

1. Nf3 Nf6 2. c4 g6 3. g3 Bg7 4. Bg2 0-0 5. 0-0 c6 6. d4 d5 7. Nc3 dxc4 8. e4 b5 9. e5 Nd5 10. Bd2 Nxc3 11. Bxc3 Be6 12. a4 Bd5 13. Qd2 Nd7 14. axb5 cxb5 15. Ra5 Qb8 16. Bb4 Qb7 17. Qf4 Nb8 18. Rfa1 Nc6 19. Bc5 Nxa5 20. Rxa5 a6 21. Ra3 b4 22. Re3 a5 23. Bf1 a4 24. Nd2 c3 25. bxc3 a3 26. c4 a2 27. Re1 b3 28. Bxe7 b2 29. Bxf8 Rxf8 30. cxd5 a1Q 31. Qe4 Qa5 0-1

[Event "Ceske Budejovice op"]
[Site "Ceske Budejovice"]
[Date "2021.07.05"]
[Round "5"]
[White "Hiermann, Dietmar"]
[Black "Jires, Jiri"]
[Result "1/2-1/2"]
[WhiteElo "2236"]
[BlackElo "2139"]
[PlyCount "83"]
[EventDate "2021.07.01"]
[EventType "swiss"]
[EventRounds "9"]
[EventCountry "CZE"]
[SourceTitle "CBM 203 Extra"]
[Source "ChessBase"]
[SourceDate "2021.09.30"]
[SourceVersion "1"]
[SourceVersionDate "2021.09.30"]
[SourceQuality "1"]

1. e4 e5 2. Nf3 Nc6 3. Bc4 Nf6 4. d3 Be7 5. 0-0 0-0 6. Re1 d6 7. a4 Na5 8. Ba2 c5 9. c3 Nc6 10. Na3 h6 11. Nc4 Be6 12. Ne3 Bxa2 13. Rxa2 d5 14. Qc2 Re8 15. Bd2 a6 16. c4 dxe4 17. dxe4 Rc8 18. Nd5 Nxd5 19. exd5 Nd4 20. Qd3 Bd6 21. b3 Qd7 22. Nxd4 exd4 23. Raa1 Qc7 24. g3 a5 25. Re4 b6 26. Rae1 Qd7 27. Kg2 Be7 28. Qe2 Kf8 29. Bf4 g5 30. Bd2 Bf6 31. Qf3 Rxe4 32. Rxe4 Bg7 33. g4 Re8 34. h4 Rxe4 35. Qxe4 gxh4 36. Kh3 h5 37. Kxh4 hxg4 38. Qxg4 Bf6+ 39. Kg3 Qxg4+ 40. Kxg4 Be5 41. Kf5 Bd6 42. Ke4 1/2-1/2

[Event "Ceske Budejovice op"]
[Site "Ceske Budejovice"]
[Date "2021.07.01"]
[Round "1"]
[White "Toman, Jan1111"]
[Black "Jires, Jiri"]
[Result "0-1"]
[WhiteElo "1717"]
[BlackElo "2139"]
[PlyCount "63"]
[EventDate "2021.07.01"]
[EventType "swiss"]
[EventRounds "9"]
[EventCountry "CZE"]
[SourceTitle "CBM 203 Extra"]
[Source "ChessBase"]
[SourceDate "2021.09.30"]
[SourceVersion "1"]
[SourceVersionDate "2021.09.30"]
[SourceQuality "1"]

1. e4 e5 2. Nf3 Nc6 3. d4 exd4 4. Nxd4 Nf6 5. Nxc6 bxc6 6. e5 Qe7 7. Qe2 Nd5 8. h4 Qe6 9. g3 d6 10. c4 Nb6 11. exd6 Bxd6 12. Be3 Ba6 13. Nd2 0-0 14. b3 Qe5 15. Rd1 Rae8 16. Bg2 Nd5 17. 0-0 Nc3 18. Qd3 Nxd1 19. Rxd1 Rd8 20. Nf3 Qh5 21. Nd4 Bc5 22. Bxc6 Rd6 23. Bf3 Qe5 24. Nc6 Rxd3 25. Nxe5 Rxd1+ 26. Bxd1 Bxe3 27. fxe3 Re8 28. Nc6 Rxe3 29. Kf2 Rd3 30. Be2 Rd2 31. a4 Rd1 32. Bxd1 0-1